Modelling, Estimation and Control of Networked Complex Systems /

Salvato in:
Dettagli Bibliografici
Autore principale: Alessandro Chiuso, Luigi Fortuna, Mattia Frasca, Alessandro Rizzo, Luca Schenato, Sandro Zampieri (edición)
Natura: Libro
Lingua:inglese
Pubblicazione: Berlín, Alemania : Springer, 2009, c2009
Serie:(Understanding Complex Systems)
Accesso online:Ver documento en línea
Tags: Aggiungi Tag
Nessun Tag, puoi essere il primo ad aggiungerne!!

MARC

LEADER 00000nam^a22000000a04500
001 000607501
009 20260427193902.066
020 |a 978-3-642-03199-1 
022 |a 1860-0840 
037 |a Acervo ITESO - Biblioteca 
041 |a ING 
082 |a Libro en línea 
100 |a Alessandro Chiuso, Luigi Fortuna, Mattia Frasca, Alessandro Rizzo, Luca Schenato, Sandro Zampieri  |e (edición) 
245 |a Modelling, Estimation and Control of Networked Complex Systems / 
264 4 |a Berlín, Alemania :  |b Springer,  |c 2009, c2009 
264 2 |a Cham, Suiza :  |b Springer Link [distribución],  |c 2025 
300 |a 1 libro electrónico en línea (XVI, 238 p.) 
300 |a 1 recurso en línea 
336 |a datos para computadora  |b cod  |2 rdacontenido 
337 |a computadora  |b c  |2 rdamedio 
338 |a recurso en línea  |b cr  |2 rdasoporte 
440 |a (Understanding Complex Systems) 
506 0 |a Licencias ilimitadas 
567 |a Catalogación rápida 
649 |a XX 
856 4 0 |u https://link-springer-com.ezproxy.iteso.mx/10.1007/978-3-642-03199-1  |y Ver documento en línea 
910 |a Fondo General 
920 |a Electrónicos - Libros en Línea 
930 |a Plataforma Digital 
905 |a 205 
902 |a https://opac.biblio.iteso.mx/vufind/Record/000607501